000 00860nam a2200229Ia 4500
003 IN-BaIIA
008 211028s9999 xx 000 0 eng d
040 _cIIA Library
080 _a523.985.3
_bOHM
111 _aSymposium on mass motions in solar flares and related phenomena
_n9th
_cAnacapri
_d1968 June 10-12
_95944
245 0 _aMass motions in solar flares and related phenomena
_bproceedings of the Ninth Noble Symposium held in Anacapri, on the Island of Capri, Italy, June 10-12, 1968
_cedited by Yngue Ohman
260 _aNew York
_bWiley
_c1968
300 _a245p.
490 _aNobel symposium; 9
650 _aActive Sun
_95272
650 _aAstronomy and Astrophysics Thesaurus
650 _aSolar Activity
_91424
650 _aSolar Flares
_94046
700 _aOhman, Yngue ed.
_95945
710 _aUniversity of California
_95946
942 _cBK
999 _c3354
_d3354